000 00553nam a2200157 a 4500
008 120416s1969 ||||||||||||||||| || u
050 _aGN 480 Goo
100 _aGoody, Jack
245 1 0 _aComparative studies in kinship
260 _aLondon
_bRoutledge and Kegan Paul
_c[1969]
300 _axvii, 261p. : ill.
350 _a0.00
650 _aKINSHIP--STUDY AND TEACHING
650 _aCULTURE
995 _D0.00
_FCBU-MAIN LIBRARY (Kitwe)
_H1
_I10.00
_M1
_UAVAILABLE
_ZMain Library Open Access Collection
999 _c38034
_d38034